| 000 | 00454nam a22001817a 4500 | ||
|---|---|---|---|
| 999 |
_c478196 _d478196 |
||
| 005 | 20180406073313.0 | ||
| 008 | 180406b ||||| |||| 00| 0 eng d | ||
| 020 | _a9780070271876 | ||
| 040 | _cc | ||
| 082 | _a629.287 MAY | ||
| 100 |
_aMay, Ed _910195 |
||
| 245 |
_aAutomotive Mechanics Vol. 1 / _cEd May |
||
| 250 | _a17th ed. | ||
| 260 |
_aBoston : _bMcGraw Hill, _c2005. |
||
| 300 |
_a705p. ; _c27 cm. |
||
| 500 | _aPaperback. | ||
| 942 |
_2ddc _cBK |
||